Normal view MARC view

Entry Nombre personal

Number of records used in: 2

001 - NÚMERO DE CONTROL

  • campo de control: 1035

003 - IDENTIFICADOR DE NÚMERO DE CONTROL

  • campo de control: DLC

005 - FECHA Y HORA DE LA ÚLTIMA TRANSACCIÓN

  • campo de control: 20260409140215.0

008 - ELEMENTOS DE DATO DE LONGITUD-FIJA

  • campo de control de longitud fija: 960125n| acannaab| |n aaa

010 ## - NÚMERO DE CONTROL DE LA BIBLIOTECA DEL CONGRESO

  • Número de control de LC: nr 96003091

040 ## - FUENTE DE CATALOGACIÓN

  • Centro catalogador/agencia de origen: DLC-R
  • Centro/agencia transcriptor: DLC-R

100 10 - ENCABEZAMIENTO-NOMBRE DE PERSONA

  • Nombre de persona: Kochav, Sarah

670 ## - FUENTE DE DATOS ENCONTRADOS

  • Cita de la fuente: Her Israel, 1995:
  • Información encontrada: p. 8 (Sarah Kochav)